书目信息 |
| 题名: |
西部典型重点生态功能区生态系统状况调查及遥感动态评估
|
|
| 作者: | 苏德 主编 | |
| 分册: | ||
| 出版信息: | 北京 机械工业出版社 2018.1 |
|
| 页数: | 237页 | |
| 开本: | 26cm | |
| 丛书名: | ||
| 单 册: | ||
| 中图分类: | X87 | |
| 科图分类: | ||
| 主题词: | 生态环境--环境遥感--研究--西北地区 , 生态环境--环境遥感--研究--西南地区 | |
| 电子资源: | ||
| ISBN: | 978-7-111-60030-5 | |
| 000 | 01638nam0 2200229 450 | |
| 001 | 5611 | |
| 005 | 20181016140904.32 | |
| 010 | @a978-7-111-60030-5@dCNY100.00 | |
| 100 | @a20180531d2018 em y0chiy0110 ea | |
| 101 | 0 | @achi |
| 102 | @aCN@b110000 | |
| 105 | @ay z 000yy | |
| 200 | 1 | @a西部典型重点生态功能区生态系统状况调查及遥感动态评估@9xi bu dian xing zhong dian sheng tai gong neng qu sheng tai xi tong zhuang kuang tiao cha ji yao gan dong tai ping gu@f苏德主编 |
| 210 | @a北京@c机械工业出版社@d2018.1 | |
| 215 | @a237页@d26cm | |
| 330 | @a本书是在《国家重点生态功能区生态环境2000-2010年遥感调查与评估》专题项目调查和评估的基础上,以三峡库区水土保持生态功能区、桂黔滇石漠化防治生态功能区、阿尔金草原荒漠化防治生态功能区、阴山北麓草原生态功能区、川滇森林生物多样性生态功能区、藏东南高原边缘森林生态功能区6个重点生态功能区作为调查和评估对象,最终汇编而成。以重点生态功能区2000年、2005年和2010年的遥感解译数据和2000-2010年的生态参数为主要数据基础,并在分析生态功能区的社会经济特征、生态系统格局、生态环境质量状况的基础上,评估主导生态系统服务功能及2000-2010年间动态变化,识别生态功能区生态系统的生态环境问题,综合评估功能区的生态环境状况,提出生态功能区生态监管的对策建议,为保护生态功能区的生态环境、维护生态安全提供科技支撑和决策依据。 期望本书能为保护国家重点生态功能区的生态环境,国家重点生态功能区的建设和管理,以及保护、恢复和提高区域水源涵养、防风固沙、保持水土、保护生物多样性等重要生态服务功能提供技术支撑。 | |
| 606 | 0 | @a生态环境@x环境遥感@x研究@x西北地区 |
| 606 | 0 | @a生态环境@x环境遥感@x研究@x西南地区 |
| 690 | @aX87@v5 | |
| 701 | 0 | @a苏德@9su de@4主编 |
| 801 | 0 | @aCN@b91CIP@c20180531 |
| 905 | @aMuseLib@dX87@e283 | |
| 西部典型重点生态功能区生态系统状况调查及遥感动态评估/苏德主编.-北京:机械工业出版社,2018.1 |
| 237页;26cm |
| ISBN 978-7-111-60030-5:CNY100.00 |
| 本书是在《国家重点生态功能区生态环境2000-2010年遥感调查与评估》专题项目调查和评估的基础上,以三峡库区水土保持生态功能区、桂黔滇石漠化防治生态功能区、阿尔金草原荒漠化防治生态功能区、阴山北麓草原生态功能区、川滇森林生物多样性生态功能区、藏东南高原边缘森林生态功能区6个重点生态功能区作为调查和评估对象,最终汇编而成。以重点生态功能区2000年、2005年和2010年的遥感解译数据和2000-2010年的生态参数为主要数据基础,并在分析生态功能区的社会经济特征、生态系统格局、生态环境质量状况的基础上,评估主导生态系统服务功能及2000-2010年间动态变化,识别生态功能区生态系统的生态环境问题,综合评估功能区的生态环境状况,提出生态功能区生态监管的对策建议,为保护生态功能区的生态环境、维护生态安全提供科技支撑和决策依据。 期望本书能为保护国家重点生态功能区的生态环境,国家重点生态功能区的建设和管理,以及保护、恢复和提高区域水源涵养、防风固沙、保持水土、保护生物多样性等重要生态服务功能提供技术支撑。 |
| ● |
| 相关链接 |
|
|
|
|
正题名:西部典型重点生态功能区生态系统状况调查及遥感动态评估
索取号:X87/283
 
预约/预借
| 序号 | 登录号 | 条形码 | 馆藏地/架位号 | 状态 | 备注 |
| 1 | 1130542 | 211305425 | 第二样本阅览室/ [索取号:X87/283] | 在馆 | |
| 2 | 1130543 | 211305434 | 第三借阅区/ [索取号:X87/283] | 在馆 | |
| 3 | 1130544 | 211305443 | 第三借阅区/ [索取号:X87/283] | 在馆 |